[Event "55smm B Klausen2-Tramin/Kaltern2"]
[Site "?"]
[Date "2024.02.10"]
[Round "7.5"]
[White "Sanin, Wilfried"]
[Black "Pfeifhofer, Jonas"]
[Result "0-1"]
[WhiteElo "1179"]
[BlackElo "1436"]
[PlyCount "99"]
[EventDate "2024.02.10"]

1. d4 c6 2. Bf4 Nf6 3. e3 d5 4. h3 Bf5 5. Bd3 Bxd3 6. Qxd3 g6 7. c3 Bg7 8. Nd2
O-O 9. Ngf3 Nbd7 10. O-O Re8 11. Ne5 c5 12. Nxd7 Nxd7 13. dxc5 Nxc5 14. Qb5 b6
15. Nb3 a6 16. Qe2 e5 17. Bh2 Qd7 18. Rfd1 a5 19. Qd2 Rad8 20. Rab1 Qa4 21.
Nxc5 bxc5 22. a3 Rd7 23. Qe2 Red8 24. Qg4 Qb3 25. Rd2 f5 26. Qd1 Qxd1+ 27.
Rbxd1 d4 28. exd4 exd4 29. cxd4 Rxd4 30. Rxd4 Rxd4 31. Rxd4 cxd4 32. b3 d3 33.
Bf4 Bc3 34. Kf1 Kf7 35. Bd6 Ke6 36. Bf8 Kd5 37. b4 axb4 38. Bxb4 Kc4 39. Bxc3
Kxc3 40. Ke1 Kc2 41. a4 d2+ 42. Ke2 d1=Q+ 43. Ke3 Qd3+ 44. Kf4 Qe4+ 45. Kg5
Qxa4 46. Kh6 Qh4+ 47. Kg7 Kd3 48. g3 Qxh3 49. g4 Qxg4 50. Kxh7 0-1

[Event "55smm B Lana-Groeden2"]
[Site "?"]
[Date "2024.02.10"]
[Round "7.3"]
[White "Insam, Raffael"]
[Black "Mair, Christian Anton"]
[Result "1-0"]
[WhiteElo "1694"]
[BlackElo "1282"]
[PlyCount "55"]
[EventDate "2024.02.10"]

1. e4 e6 2. d4 d5 3. Nc3 Bb4 4. Nge2 dxe4 5. a3 Bxc3+ 6. Nxc3 h6 7. Nxe4 Bd7 8.
Qg4 Rh7 9. Bd3 g6 10. Bd2 Nc6 11. O-O-O Nxd4 12. Nc5 e5 13. Qg3 Qf6 14. Nxd7
Kxd7 15. f4 e4 16. Bc3 exd3 17. Bxd4 Qc6 18. Rxd3 Kc8 19. Be5 f5 20. Rhd1 b6
21. Rd8+ Kb7 22. Rxa8 Kxa8 23. Rd8+ Kb7 24. Rxg8 Qc4 25. Qf3+ c6 26. Rxg6 Rd7
27. Rxh6 Rd3 28. Qxd3 1-0

[Event "55smm B Merania-Arci3"]
[Site "?"]
[Date "2024.02.10"]
[Round "7.2"]
[White "Lami, Damiano"]
[Black "Gaudenzi, Federico"]
[Result "1-0"]
[WhiteElo "2056"]
[BlackElo "1467"]
[PlyCount "75"]
[EventDate "2024.02.10"]

1. e4 e5 2. Nf3 Nc6 3. Bb5 Nf6 4. d3 d6 5. c3 Bd7 6. O-O Be7 7. Re1 O-O 8. h3
a6 9. Ba4 b5 10. Bc2 Na5 11. d4 exd4 12. cxd4 c5 13. e5 dxe5 14. dxe5 Ne8 15.
Nc3 Bc6 16. Qe2 Nc7 17. Rd1 Qe8 18. Qd3 g6 19. Bh6 Ne6 20. Ne4 Nc4 21. Qc3 Rd8
22. Nf6+ Bxf6 23. exf6 Bxf3 24. Qxf3 Nd4 25. Rxd4 cxd4 26. Bxf8 Qxf8 27. Re1
Re8 28. Rxe8 Qxe8 29. b3 Nd2 30. Qd1 Qe5 31. Qxd2 Qxf6 32. g3 Kg7 33. Be4 Qb6
34. b4 h5 35. Bd5 f6 36. Qe2 Qd6 37. Qe6 Qxe6 38. Bxe6 1-0

[Event "55smm B Naturns-Ridnaun"]
[Site "?"]
[Date "2024.02.10"]
[Round "7.1"]
[White "Naegele, Raimund"]
[Black "Haller, Quentin"]
[Result "0-1"]
[WhiteElo "1645"]
[BlackElo "2030"]
[PlyCount "64"]
[EventDate "2024.02.10"]

1. d4 Nf6 2. c4 e6 3. Nf3 d5 4. g3 Bb4+ 5. Bd2 Be7 6. Bg2 O-O 7. O-O dxc4 8.
Qc2 a6 9. Rd1 b5 10. a4 Bb7 11. Bf4 Nc6 12. Na3 Nb4 13. Qc3 Nbd5 14. Qc1 Nxf4
15. Qxf4 Nd5 16. Qc1 Bxa3 17. Rxa3 b4 18. Ra1 c3 19. Ne5 Rb8 20. e4 cxb2 21.
Qxb2 Nc3 22. Rd3 a5 23. d5 Qf6 24. Ng4 Ne2+ 25. Qxe2 Qxa1+ 26. Qd1 Qxd1+ 27.
Rxd1 exd5 28. exd5 Rfd8 29. Ne3 Ba6 30. Rc1 b3 31. Nd1 b2 32. Rb1 Bc4 0-1

[Event "55smm B Naturns-Ridnaun"]
[Site "?"]
[Date "2024.02.10"]
[Round "7.2"]
[White "Sparber, Werner"]
[Black "Naegele, Norbert"]
[Result "1-0"]
[WhiteElo "1645"]
[BlackElo "1813"]
[PlyCount "97"]
[EventDate "2024.02.10"]

1. d4 e6 2. c4 d5 3. Nc3 c5 4. e3 Nf6 5. Nf3 Nc6 6. a3 cxd4 7. exd4 dxc4 8.
Bxc4 Be7 9. O-O O-O 10. Re1 a6 11. Bg5 h6 12. Bf4 Re8 13. Rc1 Bf8 14. Ba2 Ne7
15. Ne5 Ned5 16. Nxd5 Nxd5 17. Qh5 Qf6 18. Bg3 g6 19. Qd1 Qd8 20. Qf3 Re7 21.
Ng4 Bg7 22. Bxd5 exd5 23. Ne5 Be6 24. h3 Qb6 25. Qc3 Rc8 26. Qd2 Ree8 27. b4
Rxc1 28. Rxc1 Rc8 29. Rc5 Bf8 30. Rxc8 Bxc8 31. Qf4 Be6 32. Ng4 Bxg4 33. hxg4
Bg7 34. Qb8+ Kh7 35. Be5 Qc6 36. Kh2 b5 37. f3 Qe6 38. Kg3 g5 39. Bxg7 Kxg7 40.
Qe5+ Kg6 41. f4 gxf4+ 42. Kxf4 Qc6 43. Qf5+ Kg7 44. g5 Qd6+ 45. Qe5+ Qxe5+ 46.
Kxe5 hxg5 47. Kxd5 Kf8 48. Kd6 Ke8 49. Kc7 1-0

[Event "55smm B Taufers-Arci2"]
[Site "?"]
[Date "2024.02.10"]
[Round "7.1"]
[White "Niederstaetter, Harald"]
[Black "Holzer, Philipp"]
[Result "1-0"]
[WhiteElo "1869"]
[BlackElo "1859"]
[PlyCount "57"]
[EventDate "2024.02.10"]

1. d4 Nf6 2. Nf3 c5 3. c3 Qb6 4. d5 e6 5. dxe6 fxe6 6. Nbd2 d5 7. e4 Nc6 8. Bd3
Bd6 9. Qe2 Be7 10. O-O O-O 11. Re1 Bd7 12. Nf1 d4 13. cxd4 Nxd4 14. Nxd4 cxd4
15. e5 Nd5 16. Qh5 g6 17. Bxg6 hxg6 18. Qxg6+ Kh8 19. Qh6+ Kg8 20. Re4 Bf6 21.
exf6 Rxf6 22. Rg4+ Kf7 23. Rg7+ Ke8 24. Rg8+ Ke7 25. Qg7+ Kd6 26. Rxa8 d3 27.
Ne3 Qb4 28. Bd2 Qf4 29. Qg3 1-0

[Event "55smm B Taufers-Arci2"]
[Site "?"]
[Date "2024.02.10"]
[Round "7.3"]
[White "Pichler, Klaus"]
[Black "Forer, Erich"]
[Result "0-1"]
[WhiteElo "1767"]
[BlackElo "1787"]
[PlyCount "58"]
[EventDate "2024.02.10"]

1. b3 Nf6 2. Bb2 Nc6 3. e3 g6 4. f4 d6 5. Nf3 Bg7 6. Bb5 O-O 7. Bxc6 bxc6 8.
Qe2 Bg4 9. d3 e5 10. fxe5 Nd7 11. Nbd2 Nxe5 12. O-O-O Re8 13. h3 Bd7 14. Rhf1
Qe7 15. Rde1 c5 16. e4 a5 17. a4 Rab8 18. Nxe5 Bxe5 19. Nc4 Bxb2+ 20. Kxb2 d5
21. Nxa5 c4 22. Qd2 cxb3 23. Nxb3 d4 24. Qf2 Rb4 25. Qf6 Qf8 26. a5 Be6 27. Ra1
Qc5 28. Ra3 Qc3+ 29. Kc1 Rxb3 0-1

[Event "55smm A Arci-Klausen"]
[Site "?"]
[Date "2024.02.24"]
[Round "8.1"]
[White "Schacher, Gerd"]
[Black "Seresin, Francesco"]
[Result "1/2-1/2"]
[WhiteElo "2253"]
[BlackElo "2321"]
[PlyCount "63"]
[EventDate "2024.02.24"]

1. Nf3 d5 2. c4 e6 3. g3 dxc4 4. Qa4+ Bd7 5. Qxc4 c5 6. Ne5 Nc6 7. Nxd7 Qxd7 8.
Bg2 Rc8 9. O-O Nf6 10. Nc3 Be7 11. Qa4 O-O 12. d3 Rfd8 13. Be3 b6 14. Rac1 h6
15. Rfd1 Nd4 16. Qxd7 Rxd7 17. Bxd4 Rxd4 18. b3 Rd7 19. Rc2 Ng4 20. h3 Ne5 21.
f4 Nc6 22. Bxc6 Rxc6 23. Ne4 g5 24. Rf1 f5 25. Nd2 gxf4 26. gxf4 Rd4 27. Kg2
Bd6 28. Rc4 Kf7 29. Rxd4 cxd4 30. Nc4 Bc7 31. a4 a6 32. Kf3 1/2-1/2

[Event "55smm A Arci-Klausen"]
[Site "?"]
[Date "2024.02.24"]
[Round "8.2"]
[White "Olivetti, Davide"]
[Black "Seebacher, Michael"]
[Result "0-1"]
[WhiteElo "2128"]
[BlackElo "2087"]
[PlyCount "94"]
[EventDate "2024.02.24"]

1. e4 c6 2. d4 d5 3. e5 Bf5 4. Nf3 e6 5. Be2 Nd7 6. O-O c5 7. c4 Ne7 8. Nc3
dxc4 9. Bxc4 Nc6 10. d5 exd5 11. Nxd5 Nb6 12. Nxb6 Qxd1 13. Rxd1 axb6 14. Ng5
Nxe5 15. Re1 O-O-O 16. Bxf7 Bd6 17. Be3 Rd7 18. Be6 Bxe6 19. Nxe6 Nc4 20. b3
Nxe3 21. Rxe3 h6 22. g3 Re7 23. a4 g5 24. Rae1 Kd7 25. Kg2 Rg8 26. h3 Rf7 27.
R1e2 Rg6 28. h4 gxh4 29. Kh3 hxg3 30. fxg3 Rff6 31. Nf4 Bxf4 32. Re7+ Kc6 33.
gxf4 Rxf4 34. R2e3 Rd4 35. Rh7 Rd7 36. Rh8 Rd1 37. Kh2 Rd5 38. Rh3 Rd2+ 39. Kh1
Rdd6 40. Kh2 b5 41. Rc8+ Kb6 42. a5+ Kxa5 43. Rxc5 Rd2+ 44. Kh1 Rc6 45. Rh4 Rb2
46. Rxc6 bxc6 47. Rxh6 c5 0-1

[Event "55smm A Arci-Klausen"]
[Site "?"]
[Date "2024.02.24"]
[Round "8.3"]
[White "Bodrov, Timofey"]
[Black "Perino, Alberto"]
[Result "1/2-1/2"]
[WhiteElo "2111"]
[BlackElo "1927"]
[PlyCount "65"]
[EventDate "2024.02.24"]

1. d4 Nf6 2. c4 e6 3. g3 d5 4. Bg2 Be7 5. Nf3 O-O 6. O-O dxc4 7. Qc2 b6 8. Ne5
Qxd4 9. Bxa8 Qxe5 10. Bg2 Nd5 11. Nc3 c5 12. Nxd5 exd5 13. Bf4 Bf5 14. Bxe5
Bxc2 15. Bxd5 b5 16. Rfc1 Bg6 17. b3 Nd7 18. Bb2 Nb6 19. Bc6 a6 20. Bb7 b4 21.
bxc4 f6 22. e4 Rd8 23. Bd5+ Nxd5 24. exd5 a5 25. Re1 Bd6 26. Re3 a4 27. Rae1 a3
28. Ba1 Kf8 29. Kf1 Rd7 30. Ke2 Re7 31. Rxe7 Kxe7 32. Kd2+ Kd7 33. Rc1 1/2-1/2

[Event "55smm A Arci-Klausen"]
[Site "?"]
[Date "2024.02.24"]
[Round "8.4"]
[White "Zammarchi, Massimo"]
[Black "Seebacher, Reinhard"]
[Result "1/2-1/2"]
[WhiteElo "1934"]
[BlackElo "1931"]
[PlyCount "57"]
[EventDate "2024.02.24"]

1. e4 d5 2. exd5 Qxd5 3. Nc3 Qa5 4. d4 Nf6 5. Nf3 Bf5 6. Bd2 e6 7. a3 c6 8. Bc4
Qc7 9. O-O Bd6 10. Re1 O-O 11. Rc1 Nbd7 12. Qe2 Bg4 13. h3 Bh5 14. g4 Bg6 15.
Ne5 Nd5 16. Bb3 Nxc3 17. Bxc3 Nxe5 18. dxe5 Bc5 19. Rcd1 Rad8 20. Kg2 Qe7 21.
Rxd8 Rxd8 22. Rd1 Rxd1 23. Qxd1 h5 24. Bd4 hxg4 25. hxg4 Qd8 26. c3 Qb6 27.
Bxc5 Qxc5 28. Qd8+ Kh7 29. Qh4+ 1/2-1/2

[Event "55smm A Arci-Klausen"]
[Site "?"]
[Date "2024.02.24"]
[Round "8.5"]
[White "Schrott, Karl"]
[Black "De Vita, Gianni"]
[Result "1-0"]
[WhiteElo "1927"]
[BlackElo "1936"]
[PlyCount "125"]
[EventDate "2024.02.24"]

1. d4 Nf6 2. c4 e6 3. Nc3 d5 4. Nf3 Be7 5. e3 O-O 6. Bd3 b6 7. O-O dxc4 8. Bxc4
Bb7 9. Re1 c5 10. a3 Nc6 11. dxc5 Bxc5 12. b4 Bd6 13. Nb5 Bb8 14. Bb2 a6 15.
Qxd8 Rxd8 16. Nbd4 b5 17. Be2 Nd5 18. Nxc6 Bxc6 19. Rac1 Bb7 20. Red1 Bd6 21.
Be5 Bxe5 22. Nxe5 Rac8 23. Bf3 Rxc1 24. Rxc1 Rc8 25. Rxc8+ Bxc8 26. Bxd5 exd5
27. Kf1 Kf8 28. Ke2 Ke7 29. Kd3 f6 30. Nf3 Kd6 31. Kd4 Bf5 32. Ng1 g5 33. Ne2
Bc2 34. Nc3 Bb3 35. e4 dxe4 36. Nxe4+ Ke7 37. Nc5 Bc4 38. Nxa6 Bf1 39. g3 Kd6
40. Nc5 f5 41. f4 h6 42. a4 bxa4 43. Nxa4 gxf4 44. gxf4 h5 45. h4 Kc6 46. Nc3
Kd6 47. Nd1 Bb5 48. Ne3 Bd7 49. Nf1 Be8 50. Ng3 Ke6 51. Kc5 Bg6 52. b5 Kd7 53.
Kd5 Bf7+ 54. Ke5 Bc4 55. b6 Kc6 56. Nxh5 Kxb6 57. Kxf5 Kc7 58. Kf6 Kd8 59. Kg7
Ke7 60. f5 Bf7 61. Nf4 Ba2 62. f6+ Ke8 63. h5 1-0

[Event "55smm A Arci-Klausen"]
[Site "?"]
[Date "2024.02.24"]
[Round "8.6"]
[White "Niederstaetter, Harald"]
[Black "Schrott, Johann"]
[Result "1/2-1/2"]
[WhiteElo "1869"]
[BlackElo "1763"]
[PlyCount "35"]
[EventDate "2024.02.24"]

1. d4 Nf6 2. Nf3 g6 3. Bf4 d6 4. e3 Bg7 5. h3 Nbd7 6. Be2 c5 7. Nbd2 a6 8. a4
b6 9. O-O Bb7 10. c3 O-O 11. Qb3 Rb8 12. Rfd1 Qc7 13. Bh2 Rfc8 14. Ng5 Bd5 15.
Bc4 Qb7 16. e4 Bxc4 17. Qxc4 Rf8 18. Qd3 1/2-1/2

[Event "55smm A Brixen/MIlland-Richter/Lask2"]
[Site "?"]
[Date "2024.02.24"]
[Round "8.2"]
[White "Sader, Michael"]
[Black "Fongarolli, Diego"]
[Result "0-1"]
[WhiteElo "2093"]
[BlackElo "1883"]
[PlyCount "108"]
[EventDate "2024.02.24"]

1. c4 e5 2. Nc3 Nf6 3. g3 d5 4. cxd5 Nxd5 5. Bg2 Nb6 6. Nf3 Nc6 7. O-O Be7 8.
d3 O-O 9. Bd2 Be6 10. Rc1 f6 11. a3 Nd4 12. Nxd4 exd4 13. Ne4 Bd5 14. Nc5 Bxg2
15. Kxg2 Qd5+ 16. Ne4 f5 17. Rxc7 Bd6 18. Rc2 fxe4 19. dxe4 Qxe4+ 20. f3 Qe6
21. Bc1 Rac8 22. Rxc8 Rxc8 23. Qxd4 Qxe2+ 24. Rf2 Qe5 25. Be3 Qxd4 26. Bxd4 Bc5
27. Bxc5 Rxc5 28. Rd2 Kf7 29. b4 Rc7 30. f4 Ke6 31. Re2+ Kf6 32. g4 g6 33. h4
Nc4 34. Kf3 Nxa3 35. g5+ Kf7 36. h5 Nb5 37. Rd2 Re7 38. Rd5 a6 39. f5 gxh5 40.
Kg3 Nc3 41. Rd8 Na2 42. Kh4 Nxb4 43. Kxh5 Nc6 44. Rh8 Kg7 45. Rc8 Rd7 46. f6+
Kf7 47. Kh6 Ke6 48. Rh8 Ne5 49. Re8+ Kd6 50. Rg8 a5 51. Rg7 Nf7+ 52. Kxh7 Nxg5+
53. Kg6 Ne6 54. Rg8 Nd8 0-1

[Event "55smm A Brixen/MIlland-Richter/Lask2"]
[Site "?"]
[Date "2024.02.24"]
[Round "8.3"]
[White "Kowalczyk, Martin"]
[Black "Kofler, Thomas"]
[Result "0-1"]
[WhiteElo "1753"]
[BlackElo "1948"]
[PlyCount "44"]
[EventDate "2024.02.24"]

1. e4 e5 2. Nf3 Nf6 3. Nxe5 d6 4. Nf3 Nxe4 5. Nc3 Nxc3 6. dxc3 Be7 7. Be3 O-O
8. Qd2 Be6 9. Bd3 Nd7 10. h3 Ne5 11. Nxe5 dxe5 12. a3 f5 13. Qe2 Qd5 14. O-O e4
15. Bb5 f4 16. Rfd1 Qf5 17. Bc1 f3 18. gxf3 exf3 19. Qf1 Rf6 20. Bc4 Rg6+ 21.
Kh1 Rg2 22. Bxe6+ Qxe6 0-1

[Event "55smm A Brixen/MIlland-Richter/Lask2"]
[Site "?"]
[Date "2024.02.24"]
[Round "8.4"]
[White "Paulmichl, Martin"]
[Black "Unterweger, Jonas"]
[Result "1-0"]
[WhiteElo "1880"]
[BlackElo "1731"]
[PlyCount "129"]
[EventDate "2024.02.24"]

1. b3 d5 2. Bb2 Nf6 3. e3 e6 4. Nf3 Be7 5. Ne5 Nbd7 6. f4 O-O 7. d3 Nxe5 8.
fxe5 Nd7 9. Nd2 f6 10. d4 fxe5 11. dxe5 Bh4+ 12. g3 Qg5 13. Qe2 Bxg3+ 14. hxg3
Qxg3+ 15. Kd1 g6 16. Qh2 Qxh2 17. Rxh2 Nc5 18. Ba3 b6 19. Bh3 Rf7 20. Bxc5 bxc5
21. c4 Re7 22. Kc2 Bb7 23. Rf1 Rae8 24. Rf6 a5 25. Rhf2 Kg7 26. Kc3 Bc8 27. Nf3
Bd7 28. Ng5 h6 29. Nf3 Rf7 30. Ng5 Rfe7 31. Nf3 Kh7 32. Nh4 Rg7 33. cxd5 exd5
34. Bxd7 Rxd7 35. Nxg6 Rg7 36. Nf8+ Kg8 37. Ne6 Rg3 38. Kd2 h5 39. Rh2 d4 40.
exd4 cxd4 41. Rxh5 c6 42. Rhh6 c5 43. Rhg6+ Rxg6 44. Rxg6+ Kf7 45. Rf6+ Kg8 46.
Kd3 Rc8 47. Kc4 Re8 48. Kd5 d3 49. Rf2 a4 50. bxa4 c4 51. Rg2+ Kh8 52. Kxc4
Rxe6 53. Kxd3 Rxe5 54. Kc4 Re4+ 55. Kb5 Re5+ 56. Kc6 Kh7 57. Rd2 Ra5 58. Rd4
Kg7 59. Kb6 Re5 60. a5 Re6+ 61. Kc7 Kf8 62. Rd6 Re2 63. a6 Rxa2 64. Kb7 Ke7 65.
Rb6 1-0

[Event "55smm A Brixen/MIlland-Richter/Lask2"]
[Site "?"]
[Date "2024.02.24"]
[Round "8.5"]
[White "Gruber, Martin"]
[Black "Wisthaler, Lukas"]
[Result "0-1"]
[WhiteElo "1611"]
[BlackElo "1860"]
[PlyCount "92"]
[EventDate "2024.02.24"]

1. e4 c5 2. Nf3 e6 3. d4 cxd4 4. Nxd4 a6 5. Bc4 Qc7 6. Bd3 Nf6 7. O-O Be7 8.
Nc3 b5 9. h3 Bb7 10. a3 O-O 11. Nf3 d6 12. Re1 Nbd7 13. Qe2 Nc5 14. Bd2 Rfd8
15. b4 Ncd7 16. a4 bxa4 17. Rxa4 Nb6 18. Ra2 d5 19. exd5 Nbxd5 20. Nxd5 Nxd5
21. Rea1 Bxb4 22. Qe4 Bc3 23. Qxh7+ Kf8 24. Bxc3 Qxc3 25. Qh4 Nf6 26. Ng5 Qe5
27. Qb4+ Kg8 28. Ra5 Qc7 29. Qh4 Qc6 30. f3 Rd5 31. Rxd5 Qxd5 32. Rb1 g6 33.
Be4 Qc5+ 34. Kh1 Bxe4 35. Nxe4 Nxe4 36. Qxe4 Rc8 37. Ra1 a5 38. Qa4 Rb8 39.
Qxa5 Rb1+ 40. Kh2 Qg1+ 41. Kg3 Rxa1 42. Qd8+ Kg7 43. Qc7 Qe1+ 44. Kh2 Ra5 45.
Qc6 Qe5+ 46. g3 Qe2+ 0-1

[Event "55smm A Brixen/MIlland-Richter/Lask2"]
[Site "?"]
[Date "2024.02.24"]
[Round "8.6"]
[White "Hulinskyy, Viktor"]
[Black "Unterweger, Christian"]
[Result "0-1"]
[WhiteElo "1610"]
[BlackElo "1533"]
[PlyCount "74"]
[EventDate "2024.02.24"]

1. d4 d5 2. c4 e6 3. Nc3 Nf6 4. Nf3 Be7 5. Bg5 h6 6. Bh4 O-O 7. e3 b6 8. Ne5
Bb7 9. Be2 Nbd7 10. Nxd7 Qxd7 11. Bf3 Ne4 12. Bxe7 Qxe7 13. cxd5 exd5 14. O-O
Rfd8 15. Rc1 a6 16. Nxe4 dxe4 17. Bg4 Bd5 18. a3 b5 19. Rc5 c6 20. Qd2 Qg5 21.
Bh3 Qh4 22. Bf5 Qf6 23. Bg4 Rd6 24. f3 Qg6 25. fxe4 Bxe4 26. Bh5 Qh7 27. Bxf7+
Kh8 28. Re5 Bg6 29. Be8 Rf6 30. Rxf6 gxf6 31. Bxc6 Rd8 32. Rd5 Rg8 33. Rd7 Bf7
34. Bd5 Qb1+ 35. Kf2 Qf5+ 36. Bf3 Qxd7 37. e4 Kh7 0-1

[Event "55smm A Deutschnofen-Tramin/Kaltern"]
[Site "?"]
[Date "2024.02.24"]
[Round "8.1"]
[White "Panjkovic, Aleksandar"]
[Black "Zamengo, Fulvio"]
[Result "0-1"]
[WhiteElo "2072"]
[BlackElo "2345"]
[PlyCount "76"]
[EventDate "2024.02.24"]

1. Nf3 g6 2. d3 d5 3. Nbd2 Bg7 4. c3 e5 5. e4 Ne7 6. Be2 O-O 7. O-O a5 8. b3 c5
9. a4 Nbc6 10. Bb2 h6 11. Re1 g5 12. exd5 Nxd5 13. Ne4 f5 14. Ng3 Nf4 15. Qc2
b6 16. Rad1 Ra7 17. d4 cxd4 18. Bb5 d3 19. Bxd3 Nxd3 20. Rxd3 Qc7 21. Rd2 e4
22. Nd4 Nxd4 23. cxd4 Be6 24. Qb1 Bd5 25. Ba3 Rf7 26. f3 Qc3 27. fxe4 Qxd2 28.
exd5 Qxd4+ 29. Kh1 Qxd5 30. Rd1 Qe6 31. Re1 Qg6 32. Qd3 Rad7 33. Qc4 Kh7 34. h3
f4 35. Nf1 f3 36. g4 Qd3 37. Qe4+ Qxe4 38. Rxe4 Rd1 0-1

[Event "55smm A Deutschnofen-Tramin/Kaltern"]
[Site "?"]
[Date "2024.02.24"]
[Round "8.2"]
[White "Dappiano, Andrea"]
[Black "Zucchelli, Massimo"]
[Result "1-0"]
[WhiteElo "2274"]
[BlackElo "2113"]
[PlyCount "85"]
[EventDate "2024.02.24"]

1. e4 e6 2. d3 c5 3. g3 Nc6 4. Bg2 g6 5. Nc3 Bg7 6. Be3 d6 7. Qd2 Nge7 8. Nge2
Nd4 9. Nd1 Nxe2 10. Qxe2 Nc6 11. c3 O-O 12. O-O Qc7 13. f4 b6 14. Nf2 f5 15.
Qd2 Bb7 16. d4 Rad8 17. Rad1 Ne7 18. Qe2 Kh8 19. Rfe1 Ng8 20. dxc5 dxc5 21. e5
Bxg2 22. Kxg2 Ne7 23. c4 Rxd1 24. Rxd1 Rd8 25. Rxd8+ Qxd8 26. Qf3 Qd7 27. Qa8+
Nc8 28. Kf1 Bf8 29. Ke2 Kg8 30. Nd1 Ne7 31. Nc3 Nc6 32. Nb5 Kg7 33. Bd2 Kf7 34.
b3 h5 35. h4 Kg7 36. Be1 Kf7 37. Bc3 Be7 38. Qh8 Qe8 39. Nd6+ Bxd6 40. Qf6+ Kg8
41. exd6 Nd4+ 42. Bxd4 cxd4 43. Kd3 1-0

[Event "55smm A Deutschnofen-Tramin/Kaltern"]
[Site "?"]
[Date "2024.02.24"]
[Round "8.3"]
[White "Maier, Fridolin"]
[Black "Gennari, Jacopo"]
[Result "0-1"]
[WhiteElo "1778"]
[BlackElo "2116"]
[PlyCount "49"]
[EventDate "2024.02.24"]

1. e4 e6 2. c4 d5 3. exd5 exd5 4. d4 Nf6 5. Nc3 Be7 6. cxd5 Nxd5 7. Bc4 Nb6 8.
Bb3 O-O 9. Nge2 Bf5 10. O-O Nc6 11. Bc2 Bxc2 12. Qxc2 Nxd4 13. Nxd4 Qxd4 14.
Be3 Qe5 15. Rfe1 Bd6 16. g3 Rfe8 17. Rad1 Rad8 18. a4 c6 19. Bf4 Qxe1+ 20. Rxe1
Rxe1+ 21. Kg2 Bxf4 22. gxf4 Nd5 23. Ne4 Nxf4+ 24. Kf3 Ne6 25. Qc3 0-1

[Event "55smm A Deutschnofen-Tramin/Kaltern"]
[Site "?"]
[Date "2024.02.24"]
[Round "8.4"]
[White "Lain, Luigi"]
[Black "Thaler, Elmar"]
[Result "1-0"]
[WhiteElo "2243"]
[BlackElo "1782"]
[PlyCount "46"]
[EventDate "2024.02.24"]

1. d4 d5 2. c4 c6 3. Nc3 Bf5 4. cxd5 Nf6 5. dxc6 Nxc6 6. d5 Nxd5 7. Nxd5 e6 8.
e4 Bxe4 9. Ne3 Qxd1+ 10. Nxd1 O-O-O 11. Bd2 Kb8 12. Ne2 Bb4 13. Nec3 Bg6 14.
Bc4 Rd4 15. Bb5 Bd3 16. Bxc6 bxc6 17. Ne3 Rhd8 18. O-O-O Be2 19. Nxe2 Bxd2+ 20.
Kc2 Bxe3 21. fxe3 R4d5 22. Nc3 Rxd1 23. Rxd1 Rxd1 1-0

[Event "55smm A Deutschnofen-Tramin/Kaltern"]
[Site "?"]
[Date "2024.02.24"]
[Round "8.5"]
[White "Florian, Andreas"]
[Black "Micheli, Carlo"]
[Result "0-1"]
[WhiteElo "1573"]
[BlackElo "2177"]
[PlyCount "82"]
[EventDate "2024.02.24"]

1. d4 Nf6 2. Bf4 c5 3. e3 Qb6 4. Na3 d5 5. Nb5 Na6 6. a4 e6 7. h3 Be7 8. Nf3
O-O 9. c3 Ne8 10. Qc2 c4 11. b3 cxb3 12. Qxb3 Nd6 13. Rb1 Nxb5 14. Bxb5 Nb8 15.
O-O Nc6 16. Qc2 Qd8 17. Bd3 h6 18. Rfe1 Bd6 19. Rb2 Qc7 20. Qd2 b6 21. Bb5 Bd7
22. Reb1 Bxf4 23. exf4 Na5 24. Ne5 Bxb5 25. Rxb5 Rfc8 26. Rc1 f6 27. Nd3 Nc4
28. Qe1 Qf7 29. Rb3 Rc7 30. Nb4 Rac8 31. Na6 Rc6 32. Nb4 Rd6 33. Nd3 Qd7 34.
Ra1 Na5 35. Rb2 Rdc6 36. Rc2 Nb3 37. Rb1 Nxd4 38. Rcc1 Rxc3 39. Rxc3 Rxc3 40.
Nc1 Qc6 41. Na2 Rc4 0-1

[Event "55smm A Deutschnofen-Tramin/Kaltern"]
[Site "?"]
[Date "2024.02.24"]
[Round "8.6"]
[White "Tonina, Filippo"]
[Black "Sanin, Wilfried"]
[Result "1-0"]
[WhiteElo "1946"]
[BlackElo "1436"]
[PlyCount "99"]
[EventDate "2024.02.24"]

1. d4 d5 2. c4 dxc4 3. e3 g6 4. Bxc4 Bg7 5. Nf3 Nf6 6. O-O O-O 7. Nc3 c6 8. a4
a5 9. e4 Bg4 10. Be3 Na6 11. h3 Bxf3 12. Qxf3 e6 13. Rad1 Nb4 14. Bg5 h6 15.
Bh4 g5 16. Bg3 Ne8 17. d5 exd5 18. exd5 Qf6 19. Rfe1 Qxf3 20. gxf3 cxd5 21.
Nxd5 Nxd5 22. Bxd5 Bxb2 23. Re7 Ba3 24. Rxb7 Rc8 25. Rb6 Kg7 26. Be5+ f6 27.
Be6 Rc1 28. Rxc1 Bxc1 29. Bc3 Kg6 30. Bd5 Nc7 31. Be4+ Kg7 32. Bxa5 Rf7 33. Bc3
Ne8 34. a5 Ra7 35. a6 Kf8 36. Bb7 Bf4 37. Bd4 Be5 38. Rxf6+ Nxf6 39. Bxa7 Nd7
40. Bc5+ Nxc5 41. a7 Nxb7 42. a8=Q+ Ke7 43. Qxb7+ Kf6 44. Kf1 h5 45. Ke2 Bf4
46. Kd3 h4 47. Ke4 Kg6 48. Qc6+ Kh5 49. Kf5 Bc1 50. Qg6# 1-0

[Event "55smm A Ehrenburg-Richter/Lask"]
[Site "?"]
[Date "2024.02.24"]
[Round "8.1"]
[White "De Eccher, Stefano"]
[Black "Wolfahrt, Herbert"]
[Result "1/2-1/2"]
[WhiteElo "2175"]
[BlackElo "2329"]
[PlyCount "55"]
[EventDate "2024.02.24"]

1. e4 c5 2. c4 d6 3. Nc3 Nf6 4. g3 Nc6 5. Bg2 g6 6. Nge2 Bg7 7. O-O O-O 8. d3
Ne8 9. Be3 Nd4 10. Rb1 b6 11. Qd2 Bb7 12. f4 f5 13. b4 Qd7 14. Bf2 Nxe2+ 15.
Nxe2 fxe4 16. Bxe4 Bxe4 17. dxe4 Nf6 18. bxc5 bxc5 19. e5 dxe5 20. Qxd7 Nxd7
21. Rb7 Rfd8 22. Rd1 Nb6 23. Rxd8+ Rxd8 24. Bxc5 Nxc4 25. Rxe7 Rd2 26. Re8+ Kf7
27. Re7+ Kg8 28. Re8+ 1/2-1/2

[Event "55smm A Ehrenburg-Richter/Lask"]
[Site "?"]
[Date "2024.02.24"]
[Round "8.2"]
[White "Hengl, Christian"]
[Black "Moncher, Stefano"]
[Result "1/2-1/2"]
[WhiteElo "2125"]
[BlackElo "2168"]
[PlyCount "120"]
[EventDate "2024.02.24"]

1. e4 e6 2. d4 d5 3. exd5 exd5 4. Bd3 Bd6 5. Ne2 Ne7 6. O-O O-O 7. Bg5 f6 8.
Bf4 Bg4 9. f3 Bf5 10. Re1 Nbc6 11. Nbc3 Re8 12. Qd2 Bxd3 13. Qxd3 Nb4 14. Qd2
Ng6 15. Bxd6 Qxd6 16. Nb5 Qb6 17. Qxb4 a6 18. Nec3 c6 19. a4 axb5 20. Rxe8+
Rxe8 21. axb5 Nf4 22. Qc5 Qxc5 23. dxc5 cxb5 24. g3 Ne2+ 25. Nxe2 Rxe2 26. b4
Rxc2 27. Ra5 d4 28. Kf1 Kf7 29. Rxb5 Ke6 30. Rxb7 Kd5 31. Rd7+ Kc4 32. c6 Kxb4
33. Rxd4+ Kc5 34. Rd8 Kb6 35. Rb8+ Kc7 36. Rg8 Rxh2 37. Rxg7+ Kxc6 38. Kg1 Rh6
39. Re7 Kd6 40. Re4 Rg6 41. Kf2 f5 42. Re8 Re6 43. Rf8 Ke5 44. Ke3 Ra6 45. f4+
Ke6 46. Kf3 Ra2 47. Rb8 Kf6 48. Rb6+ Kg7 49. Rb3 Ra6 50. Kg2 Rc6 51. Kh3 Rh6+
52. Kg2 Ra6 53. Rb5 Kg6 54. Kh3 Rc6 55. Kh4 Ra6 56. Rb7 Rc6 57. Ra7 Rb6 58. Ra8
Rc6 59. Rg8+ Kf7 60. Ra8 Kg6 1/2-1/2

[Event "55smm A Ehrenburg-Richter/Lask"]
[Site "?"]
[Date "2024.02.24"]
[Round "8.3"]
[White "Billio, Atto"]
[Black "Jedinger, Andreas"]
[Result "1-0"]
[WhiteElo "2004"]
[BlackElo "2114"]
[PlyCount "105"]
[EventDate "2024.02.24"]

1. Nf3 Nf6 2. c4 g6 3. Nc3 Bg7 4. e4 d6 5. d4 O-O 6. Bd3 Nc6 7. d5 Nb4 8. Bb1
c6 9. a3 Na6 10. O-O cxd5 11. cxd5 Nc5 12. Bc2 a5 13. Be3 Nfd7 14. Bd4 Bxd4 15.
Qxd4 Qb6 16. Nd1 a4 17. Ne3 Qd8 18. e5 dxe5 19. Nxe5 Nxe5 20. Qxe5 Qd6 21. Qg5
b5 22. Rfd1 Kg7 23. Rac1 h6 24. Qh4 Nb7 25. Qd4+ Qf6 26. Qxf6+ Kxf6 27. d6 Nxd6
28. Nd5+ Kg7 29. Nxe7 Nc4 30. Be4 Ra7 31. Nxc8 Rxc8 32. Rc2 Re7 33. Bf3 Nxb2
34. Rxb2 Rc3 35. Rxb5 Rxa3 36. Ra5 Ra2 37. g3 Rc7 38. Bd5 Ra3 39. Rd4 Rd7 40.
Rf4 Ra1+ 41. Kg2 a3 42. Rfa4 Rd6 43. Bc4 Rc1 44. Bb3 Rd3 45. Rxa3 Rcc3 46. Rb5
h5 47. h4 Kh6 48. Rb7 f6 49. Raa7 g5 50. Be6 gxh4 51. gxh4 f5 52. Rf7 Rd2 53.
Rf6# 1-0